00968 2200325 4500001002100000005001500021035002000036007000300056008004100059020002200100040001200122082001600134084001800150090002200168100002500190245008100215250003300296300004500329650001500374700002900389700002700418850001200445504003200457264003500489336002100524337003000545338002300575999002200598990002200620INLIS00000000089448220250320103437 a0010-0325000563ta250320s2024 yoia g ind d a978-602-498-840-1 aYOPDYOG04223a796.346 a796.346 TOM p aCB-D.11 2024-56930 aTomoliyusePengarang10aProgram latihan fisik tenis meja /cTomoliyus, Khairil Fajri. M, Hary Widodo aCetakan pertama : April 2024 avi, 88 halaman :bgambar, tabel ;c22 cm 4aTenis meja0 aKhairil FajriePengarang0 aHary WidodoePengarang aYOPDYOG aBibliografi : halaman 85-8631aYogyakarta :bUNY Press,c2024 2rdacontentateks 2rdamediaatanpa perantara 2rdacarrieravolume aCB-D.11/2024-5693 aCB-D.11/2024-5693